دليل الأدوية للصيادلة و المتدربين / (رقم التسجيلة. 14142)

تفاصيل مارك
000 -LEADER
fixed length control field 00673nam a22002177a 4500
005 - DATE AND TIME OF LATEST TRANSACTION
control field 20251108164758.0
008 - FIXED-LENGTH DATA ELEMENTS--GENERAL INFORMATION
fixed length control field 250721s1995 xx 000 0 ara d
082 14 - DEWEY DECIMAL CLASSIFICATION NUMBER
Classification number 615.19565/دلي
100 1# - MAIN ENTRY--PERSONAL NAME
Personal name وشاح، ربى
Relator term مؤلف
245 10 - TITLE STATEMENT
Title دليل الأدوية للصيادلة و المتدربين /
264 1# - PRODUCTION, PUBLICATION, DISTRIBUTION, MANUFACTURE, AND COPYRIGHT NOTICE
Place of production, publication, distribution, manufacture عمان :
Name of producer, publisher, distributor, manufacturer مكتب الخط العربي لخدمات الكمبيوتر،
Date of production, publication, distribution, manufacture, or copyright notice 1995.
300 ## - PHYSICAL DESCRIPTION
Extent 189 ص.
650 17 - SUBJECT ADDED ENTRY--TOPICAL TERM
Topical term or geographic name as entry element الاردن
650 17 - SUBJECT ADDED ENTRY--TOPICAL TERM
Topical term or geographic name as entry element الادويه
650 17 - SUBJECT ADDED ENTRY--TOPICAL TERM
Topical term or geographic name as entry element الصيادلة
700 1# - ADDED ENTRY--PERSONAL NAME
Personal name الدويك، سمر
700 1# - ADDED ENTRY--PERSONAL NAME
Personal name عوض، غادة
700 1# - ADDED ENTRY--PERSONAL NAME
Personal name الزيدات، فدوى
942 ## - ADDED ENTRY ELEMENTS (KOHA)
Source of classification or shelving scheme Dewey Decimal Classification
Koha item type كتب
المقتنيات
حالة السحب حالة الفقدان مصدر التصنيف حالة التلف غير قابل للإعارة المكتبة الرئيسية المكتبة الحالية موقع الرف تاريخ التزويد الرقم المتسلسل Total Checkouts رقم الإستدعاء الباركود تاريخ آخر ظهور تاريخ الفاتورة نوع المادة (كوها)
    Dewey Decimal Classification     مكتبة الأميرة ايمان العامة مكتبة الأميرة ايمان العامة الإعارة 28/07/2025 [99.]   615.19565/دلي PLD00252660 28/07/2025 28/07/2025 كتب
    Dewey Decimal Classification     مكتبة صويلح العامة مكتبة صويلح العامة الإعارة 04/07/2019 0286   615.19565/دلي PLD00456102 28/07/2025 04/07/2019 كتب
Implemented & Customized by: BBB with SCIT (Smart Chains for Information Technology)

Powered by Koha